Learning About Measurement (Record no. 15178)

MARC details
000 -LEADER
fixed length control field 00499nam a22001817a 4500
003 - CONTROL NUMBER IDENTIFIER
control field PK-NaQUE
005 - DATE AND TIME OF LATEST TRANSACTION
control field 20250530143718.0
008 - FIXED-LENGTH DATA ELEMENTS--GENERAL INFORMATION
fixed length control field 250530b ||||| |||| 00| 0 eng d
040 ## - CATALOGING SOURCE
Transcribing agency QUEST
082 ## - DEWEY DECIMAL CLASSIFICATION NUMBER
Classification number 516HOR
100 ## - MAIN ENTRY--PERSONAL NAME
Personal name Horne, Sylvia
245 ## - TITLE STATEMENT
Title Learning About Measurement
260 ## - PUBLICATION, DISTRIBUTION, ETC. (IMPRINT)
Place of publication, distribution, etc California
Name of publisher, distributor, etc Frankin Publication,Inc
Date of publication, distribution, etc 1970
300 ## - PHYSICAL DESCRIPTION
Extent 104p. ;
650 ## - SUBJECT ADDED ENTRY--TOPICAL TERM
Topical term or geographic name as entry element Mathematical Measurement
856 ## - ELECTRONIC LOCATION AND ACCESS
Uniform Resource Identifier <a href="http://10.10.170.122:8080/browse/book/27482">http://10.10.170.122:8080/browse/book/27482</a>
Link text Download eBook
942 ## - ADDED ENTRY ELEMENTS (KOHA)
Koha item type Books
Source of classification or shelving scheme Dewey Decimal Classification
Holdings
Withdrawn status Lost status Damaged status Not for loan Collection code Home library Current library Date acquired Total Checkouts Full call number Barcode Date last seen Koha item type Price effective from
        Reference Reference Section Reference Section 18/01/2016   516HOR (Shelf - 29D) 4632 18/01/2016 Books  
          Seminar Library, Mathematics & Statis. Seminar Library, Mathematics & Statis. 16/01/2020   516HOR 4633 16/01/2020 Books 16/01/2020